01717nam a22002177a 4500008004400000020001800044082001800062100002600080245007200106250001800178260003800196300003600234505100900270653002501279653001901304653003301323653003501356653006401391653001601455700002801471170812s2013 sw||||| |||| 00| 0 eng d a978394336568904a701.03bL669u1 aLewandowska, Marysia.10aUndoing property? /ceditado por Marysia Lewandowska y Laurel Ptak. a1a edición. aSuecia :bSternberg Press,c2013. a256 páginas :bilustraciones.0 tPrefacerBinna Choi, Maria Lind y Emily Pethick.tAs we may thinkrDavid Berry.tIntroductionrMarysia Lewandowska y Laurel Ptak.tThe sabotage of debtrMatteo Pasquinelli.tCruel economy of authorshiprKuba Szreder.tImprovisation and communicationrMattin.tCopying is always transformativerRamus Fleischer en conversación con Laurel Ptak.tFields of zombies: biotech agriculture and privatization of knowlegde rClaire Pentecost.tPublic access, private accessrDavid Horvitz.tThing 001895 (playing cards)rAgency.tThe edger of the public domainrOpen Music Archive.tSeat belt patent 1962rNils Bohlin.tThe artist's trustrMarysia Lewansowska.tAbstraction and the currency of the socialrMarina Vishmidt en conversación con Laurel Ptak.tFrom Ownership to belongingrMatthew Stadler.tInterface, access, lossrSean Dockray.tImaginary propertyrFlorian Schneider.tReproducing the futurerMarilyn Strathern en conversación con Marysia Lewandowska.tExcange and circulationrAntonia Hirsch.10aArte contemporáneo10aArte público10aArte - Propiedad intelectual10aProducción de arte - Cultura10aPrácticas artísticas contemporáneas - Investigación10aCuraduría1 aPtak, Laurel.eeditora.